000 00613nam a22002057a 4500
999 _c7727
_d7727
003 OSt
005 20220222101749.0
008 220222b ||||| |||| 00| 0 eng d
020 _a9780415489423
040 _cDDC
082 _a302 HOL 2011
100 _aHoliday , Adrian: Hyde , Martin : Kullman, John
_915772
245 _aIntercultural communication
_b: an advanced resource book for students
250 _a2nd ed.
260 _aNew York
_b:Taylor and Francis
_c, c 2011
300 _axxii,336p.
_c; 25 cm
504 _aReferences index
650 _aIntercultural communication
_97682
942 _2ddc
_cBOOK